logo

Bir Sreshtho Munshi Abdur Rouf Library
Jhenaidah Cadet College

Making choices : (Record no. 1724)

MARC details
000 -LEADER
fixed length control field 00765pam a2200265 a 4500
001 - CONTROL NUMBER
JCCL Control Number 1724
003 - CONTROL NUMBER IDENTIFIER
JCCL marc code BD-JhCC
005 - DATE AND TIME OF LATEST TRANSACTION
control field 20180101104659.0
008 - FIXED-LENGTH DATA ELEMENTS--GENERAL INFORMATION
fixed length control field 851218s1986 ilu b a 000 0 eng
020 ## - INTERNATIONAL STANDARD BOOK NUMBER
International Standard Book Number 066908039X
Terms of availability $29.95
035 ## - SYSTEM CONTROL NUMBER
system control number (BD-JhCC)1724
040 ## - CATALOGING SOURCE
Original cataloging agency DLC
Transcribing agency DLC
Modifying agency DLC
-- BD-JhCC
041 ## - LANGUAGE CODE
Language code of Book eng
050 10 - LIBRARY OF CONGRESS CALL NUMBER
Classification number R724
Item number .M165 1986
082 00 - DEWEY DECIMAL CLASSIFICATION NUMBER
Classification number 174.2
DDC Edition number 19
Author mark and Year MAK 1986
245 00 - TITLE STATEMENT
Title Making choices :
Remainder of title heath American readers /
Statement of responsibility, etc Milded Bailey ...[et al.]
260 ## - PUBLICATION, DISTRIBUTION, ETC. (IMPRINT)
Place of publication, distribution, etc Chicago, Ill. :
Name of publisher, distributor, etc American Hospital Pub.,
Date of publication, distribution, etc c1986.
300 ## - PHYSICAL DESCRIPTION
Pagination xii, 623 p. ;
Dimensions 28 cm.
650 #0 - SUBJECT ADDED ENTRY--TOPICAL TERM
Topical term or geographic name as entry element Medical ethics.
650 #0 - SUBJECT ADDED ENTRY--TOPICAL TERM
Topical term or geographic name as entry element Hospital care
General subdivision Moral and ethical aspects.
650 #0 - SUBJECT ADDED ENTRY--TOPICAL TERM
Topical term or geographic name as entry element Medicine
General subdivision Decision making.
700 1# - ADDED ENTRY--PERSONAL NAME
Personal name Bailey, Milded
942 ## - ADDED ENTRY ELEMENTS (KOHA)
Source of classification or shelving scheme Dewey Decimal Classification
Koha item type Books
Holdings
Source of classification or shelving scheme Damaged status Not for loan Home library Current library Date of accession Total Checkouts Full call number Barcode Date last seen Copy number Koha item type Shelving location Source of acquisition
Dewey Decimal Classification     JCC Rouf Library JCC Rouf Library 10/24/2017   174.2 MAK 1986 3037 10/23/2017 C-1 Books    
Dewey Decimal Classification     JCC Rouf Library JCC Rouf Library 12/28/2017   174.2 MAK 1986 7868 12/28/2017 C-2 Books General Stacks The Asia Foundation

JCC Library | Contacts | JCC Home

Last Update on 23 September 2017
Copyright @ 2017-2020 JCC Rouf Library
Rouf Library, Jhenidah Cadet College (JCC), Bangladesh